Profile 3 : Upper-Intermediate

保存先:
書誌詳細
フォーマット: 図書
言語:Undetermined
出版事項: Oxford Oxford University Press 2005
主題:
タグ: タグ追加
タグなし, このレコードへの初めてのタグを付けませんか!
Thư viện lưu trữ: Trung tâm Học liệu Trường Đại học Cần Thơ
LEADER 00713nam a2200217Ia 4500
001 CTU_94051
008 210402s9999 xx 000 0 und d
020 |c 185000 
082 |a 428.0071 
082 |b P964/B.3 
245 0 |a Profile 3 : 
245 0 |b Upper-Intermediate 
245 0 |c Jon Naunton, James Greenan 
260 |a Oxford 
260 |b Oxford University Press 
260 |c 2005 
650 |a English language 
650 |x Study and teaching 
904 |i Tuyến , Mai chuyển số phân loại về 428.0071/P964 dùng cho cả bộ. Cutter lấy theo Proct 
910 |a Sách kèm theo đĩa có số AV.001799 
980 |a Trung tâm Học liệu Trường Đại học Cần Thơ